00416nam a2200145Ia 450000500170000000800410001708200130005810000200007124500800009126000400017130000160021165000110022765000130023865000190025120240610015854.0240331s9999 xx 000 0 und d bENGa339 aEngineer, Irfan 0aUnderdevelopment poverty :bpolitical economy of migrationcIrfan, Engineer aMumbaibVikas Adhyayan Kendrac1997 avi, 86 p ., asocial aEconomic aCane and Labor